FUNDAMENTAL OF REPORTING AND EDITING (Record no. 13041)

MARC details
000 -LEADER
fixed length control field 00361nam a22001457a 4500
003 - CONTROL NUMBER IDENTIFIER
control field SGT
020 ## - INTERNATIONAL STANDARD BOOK NUMBER
International Standard Book Number 9788173919725
082 ## - DEWEY DECIMAL CLASSIFICATION NUMBER
Classification number 302.23
Item number F16S
100 ## - MAIN ENTRY--PERSONAL NAME
Personal name SAXENA AMBRISH
245 ## - TITLE STATEMENT
Title FUNDAMENTAL OF REPORTING AND EDITING
260 ## - PUBLICATION, DISTRIBUTION, ETC. (IMPRINT)
Place of publication, distribution, etc NEW DELHI
Name of publisher, distributor, etc Kanishka Publishers & Distributors
Year of Publication 2016
300 ## - PAGE DESCRIPTION
No. of Pages 358
650 ## - SUBJECT ADDED ENTRY--TOPICAL TERM
Topical term or geographic name as entry element MASS COMMUNICATION
942 ## - ADDED ENTRY ELEMENTS (KOHA)
Source of classification or shelving scheme Dewey Decimal Classification
Koha item type Books
Holdings
Withdrawn status Lost status Source of classification or shelving scheme Damaged status Not for loan Collection code Home library Current library Shelving location Date acquired Vendor Name Cost, normal purchase price SGTU Bill Number Total Checkouts Full call number Accession No. (Barcode) Date last seen Date last borrowed Bill Date Koha item type
    Dewey Decimal Classification     MASS COMMUNICATION SGT Science & Social Sciences Library SGT Science & Social Sciences Library Text Book 18/08/2017 INDIAN PUBLICATION NEW DELHI 750.00 SGTU 10 3 302.23 F16S MC344 20/05/2019 08/05/2019 29/04/2017 Books
    Dewey Decimal Classification     MASS COMMUNICATION SGT Science & Social Sciences Library SGT Science & Social Sciences Library Text Book 18/08/2017 INDIAN PUBLICATION NEW DELHI 750.00 SGTU 10 1 302.23 F16S MC345 03/04/2019 01/04/2019 29/04/2017 Books
    Dewey Decimal Classification     MASS COMMUNICATION SGT Science & Social Sciences Library SGT Science & Social Sciences Library Text Book 18/08/2017 INDIAN PUBLICATION NEW DELHI 750.00 SGTU 10 2 302.23 F16S MC346 10/05/2019 08/05/2019 29/04/2017 Books